000 00318nam a2200109 4500
999 _c9764
_d9764
008 180717b ||||| |||| 00| 0 eng d
245 _aTax season nears:
_bFirms told to keep up with new BIR rulings.
260 _aDavao City
_bSun Star Davao
_cc2016
300 _apage 13.
650 0 _928959
_aTaxation.
942 _2ddc
_cPER